000 00480nam a22001817a 4500
005 20251108171936.0
008 250721s1997 xx 000 0 ara d
082 1 4 _a658.8/معل
100 1 _aمعلا، ناجي
245 1 0 _aأصول التسويق /
264 1 _aعمان :
_bدار وائل،
_c1997.
300 _a372ص
650 1 7 _aالتسويق
650 1 7 _aإدارة المبيعات
700 1 _aتوفيق، رائف
942 _2ddc
_cBK
999 _c66489
_d66489